Salome : tragedia in un atto /
I tiakina i:
| Kaituhi matua: | |
|---|---|
| Ētahi atu kaituhi: | , , |
| Hōputu: | Pukapuka |
| Reo: | Itāriana |
| I whakaputaina: |
Milano :
Rizzoli,
1982
|
| Putanga: | 2. ed |
| Rangatū: | BUR ;
243 |
| Ngā Tūtohu: |
Kāore He Tūtohu, Me noho koe te mea tuatahi ki te tūtohu i tēnei pūkete!
|
MARC
| LEADER | 00000nam a2200000 i 4500 | ||
|---|---|---|---|
| 001 | IT\ICCU\RAV\0091536 | ||
| 003 | ItRI | ||
| 005 | 20260115232229.0 | ||
| 008 | 900220s1982 it |||||| ||||| |||||c | ||
| 040 | |b ita |c importazione bologna sebina | ||
| 041 | 7 | |a ita |2 ISO-639-2 | |
| 082 | |a 822.3IR |9 LETTERATURA DRAMMATICA IN INGLESE. IRLANDA. 1800-1900 |2 20 | ||
| 100 | 1 | |a Wilde, Oscar |0 IT\ICCU\CFIV\000261 |4 aut | |
| 240 | 1 | 0 | |a Salome |3 IT\ICCU\CFI\0140146 |9 Wilde, Oscar |
| 245 | 1 | 0 | |a Salome : |b tragedia in un atto / |c Oscar Wilde ; introduzione di Alberto Arbasino ; traduzione di Domenico Porzio ; illustrazioni di Aubrey Beardsley. |
| 250 | |a 2. ed | ||
| 260 | |a Milano : |b Rizzoli, |c 1982 | ||
| 300 | |a 122 p. : |b ill. ; |c 18 cm. | ||
| 700 | 1 | |a Porzio, Domenico |0 IT\ICCU\CFIV\014731 | |
| 700 | 1 | |a Arbasino, Alberto |0 IT\ICCU\CFIV\060368 | |
| 700 | 1 | |a Beardsley, Aubrey |0 IT\ICCU\SBLV\121486 | |
| 790 | 0 | |a C.3.3. |3 IT\ICCU\BVEV\134340 |z Wilde, Oscar | |
| 790 | 1 | |a Wilde, Oscar Fingal OʼFlaherty Wills |3 IT\ICCU\FERV\075121 |z Wilde, Oscar | |
| 790 | 1 | |a Pepoli, Carlo, |d (1930-2020) |3 IT\ICCU\SBNV\006282 |z Arbasino, Alberto | |
| 790 | 1 | |a Beardsley, Aubrey |3 IT\ICCU\CFIV\169677 |z Beardsley, Aubrey | |
| 830 | 0 | |a BUR ; |v 243 |0 IT\ICCU\CFI\0001538 | |
| 942 | |2 ddc |c BK |n 0 | ||
| 952 | |0 0 |1 0 |4 0 |6 DOC_822_800000000000000_WIL |7 0 |9 22475 |a BO |b BO |d 2026-01-15 |i 286 |l 0 |o DOC 822.8 WIL |p BO286 |r 2026-01-15 23:22:29 |w 2026-01-15 |x [Sebina 5] [1 v.] |y BK |z 1 v. | ||
| 999 | |c 19190 |d 19190 | ||